Tiếng Khmer (Lớp 3)

Đã lưu trong:
Bibliografiske detaljer
Format: Bog
Sprog:Undetermined
Udgivet: H.
Tags: Tilføj Tag
Ingen Tags, Vær først til at tagge denne postø!
Thư viện lưu trữ: Trung tâm Học liệu Trường Đại học Cần Thơ
LEADER 00315nam a2200121Ia 4500
001 CTU_151674
008 210402s9999 xx 000 0 und d
020 |c 30000 
082 |a 495.932 
082 |b T306 
245 0 |a Tiếng Khmer (Lớp 3) 
260 |a H. 
980 |a Trung tâm Học liệu Trường Đại học Cần Thơ